000 00488nam a2200181Ia 4500
001 18014
005 20260306171559.0
008 260306s9999||||xx |||||||||||||| ||und||
041 _aESP
082 _a658.3124
_bP17
100 _aPain, Abraham
_eAUT
245 0 _aCómo realizar un proyecto de capacitación:
_bUn enfoque de la ingeniería de la capacitación
260 _c2010
300 _a205 páginas :
_c22 cm.
650 _aGEN
654 _aCAN
942 _cLIB
_dJUS
_fJUS
_2ddc
_n
999 _c18014
_d18014